Normal view
MARC view
- Brain Cloughley
Entry Personal Name
001 - CONTROL NUMBER
- control field: 106146
003 - CONTROL NUMBER IDENTIFIER
- control field: NUST
005 - DATE AND TIME OF LATEST TRANSACTION
- control field: 20221228085616.0
008 - FIXED-LENGTH DATA ELEMENTS
- fixed length control field: 221228|| aca||aabn | a|a d
040 ## - CATALOGING SOURCE
- Original cataloging agency: NUST
- Transcribing agency: NUST
100 ## - HEADING--PERSONAL NAME
- Personal name: Brain Cloughley
670 ## - SOURCE DATA FOUND
- Source citation: Work cat.: (NUST)185837: Brain Cloughley, A history of the pakistan army wars and insurrections, , 2001-2002
